00476nam a2200145Ia 4500008004100000041000800041082001400049100001600063245002600079260004000105300003100145365001100176999001700187952012600204240624s9999 xx 000 0 und d aeng a338.7 NAT aNATHAN JOHN aSONY THE PRIVATE LIFE c2007aNew DelhibProfile Books Ltd. axvi, : 347 : p. : cm. ; 20 cRSb33 c11674d11674 00104070aIMTNbIMTNcRack 10-Bd2008-11-12eAPg295.00n1444o338.7 NATp11674r2024-06-24 00:00:00t1w2024-06-24yBK